Schlumberger log interpretation charts. (Record no. 28864)
[ view plain ]
| 000 -LEADER | |
|---|---|
| fixed length control field | 01075nam a2200325 a 4500 |
| 001 - CONTROL NUMBER | |
| control field | AJB6757BB |
| 003 - CONTROL NUMBER IDENTIFIER | |
| control field | EG-ScBUE |
| 005 - DATE AND TIME OF LATEST TRANSACTION | |
| control field | 20200928102854.0 |
| 008 - FIXED-LENGTH DATA ELEMENTS--GENERAL INFORMATION | |
| fixed length control field | 970528s1998 txua f b 000 0 eng d |
| 035 ## - SYSTEM CONTROL NUMBER | |
| System control number | (InU)AJB6757BB |
| 035 ## - SYSTEM CONTROL NUMBER | |
| System control number | (OCoLC)ocm08605785 |
| 040 ## - CATALOGING SOURCE | |
| Original cataloging agency | IBK |
| Language of cataloging | eng |
| Description conventions | rda |
| Transcribing agency | IBK |
| Modifying agency | IUL |
| -- | EG-ScBUE |
| 082 04 - DEWEY DECIMAL CLASSIFICATION NUMBER | |
| Classification number | 622.1828 |
| Item number | SCH |
| Edition number | 22 |
| 245 00 - TITLE STATEMENT | |
| Title | Schlumberger log interpretation charts. |
| 246 30 - VARYING FORM OF TITLE | |
| Title proper/short title | Log interpretation charts |
| 264 #1 - PUBLICATION, DISTRIBUTION, ETC. (IMPRINT) | |
| Place of publication, distribution, etc | Texas : |
| Name of publisher, distributor, etc | Schlumberger Wireline & Testing, |
| Date of publication, distribution, etc | [1998] |
| 264 #4 - PUBLICATION, DISTRIBUTION, ETC. (IMPRINT) | |
| Date of publication, distribution, etc | c1998 |
| 300 ## - PHYSICAL DESCRIPTION | |
| Extent | 1 volume (various pagings) : |
| Other physical details | illustrations ; |
| Dimensions | 28 cm |
| 336 ## - CONTENT TYPE | |
| Source | rdacontent |
| Content type term | text |
| Content type code | txt |
| 337 ## - MEDIA TYPE | |
| Source | rdamedia |
| Media type term | unmediated |
| Media type code | n |
| 338 ## - CARRIER TYPE | |
| Source | rdacarrier |
| Carrier type term | volume |
| Carrier type code | nc |
| 500 ## - GENERAL NOTE | |
| General note | Includes appendix. |
| 504 ## - BIBLIOGRAPHY, ETC. NOTE | |
| Bibliography, etc | Includes bibliographical references. |
| 650 #7 - SUBJECT ADDED ENTRY--TOPICAL TERM | |
| Topical term or geographic name as entry element | Geophysical well logging |
| General subdivision | Charts, diagrams, etc. |
| Source of heading or term | BUEsh |
| 650 #7 - SUBJECT ADDED ENTRY--TOPICAL TERM | |
| Topical term or geographic name as entry element | Prospecting |
| General subdivision | Geophysical methods |
| -- | Charts, diagrams, etc. |
| Source of heading or term | BUEsh |
| 653 ## - INDEX TERM--UNCONTROLLED | |
| Resource For college | Generalities |
| Arrived date list | September2020 |
| 655 ## - INDEX TERM--GENRE/FORM | |
| Form subdivision | Reading book |
| 9 (RLIN) | 34232 |
| 942 ## - ADDED ENTRY ELEMENTS (KOHA) | |
| Source of classification or shelving scheme | Dewey Decimal Classification |
| Koha item type | Book - Borrowing |
| 998 ## - LOCAL CONTROL INFORMATION (RLIN) | |
| Operator\'s initials, OID (RLIN) | 5/28/1997 |
| Cataloger\'s initials, CIN (RLIN) | 5/28/1997 |
| Withdrawn status | Lost status | Source of classification or shelving scheme | Damaged status | Not for loan | Collection code | Home library | Current library | Shelving location | Date acquired | Source of acquisition | Total Checkouts | Full call number | Barcode | Date last seen | Price effective from | Koha item type |
|---|---|---|---|---|---|---|---|---|---|---|---|---|---|---|---|---|
| Dewey Decimal Classification | Baccah | Central Library | Central Library | First floor | 28/09/2020 | Purchase | 622.1828 SCH | 000049863 | 15/07/2025 | 28/09/2020 | Book - Borrowing |